Βασική Ανατομική / Με Κλινικό Προσανατολισμό: Δ' 'Εκδοση (Record no. 5903)
[ view plain ]
| 000 -LEADER | |
|---|---|
| fixed length control field | 02414cam a22002054a 4500 |
| 005 - ΗΜΕΡΟΜΗΝΙΑ ΚΑΙ ΩΡΑ ΤΕΛΕΥΤΑΙΑΣ ΕΝΗΜΕΡΩΣΗΣ | |
| Πεδίο ελέγχου | 20250605163518.0 |
| 008 - FIXED-LENGTH DATA ELEMENTS--GENERAL INFORMATION | |
| Πεδίο ελέγχου σταθερού μήκους | 250528s ||||||||||||||||||||||||d |
| 035 ## - SYSTEM CONTROL NUMBER | |
| System control number | 20821 |
| 020 ## - ISBN | |
| ISBN | 9789604520480 |
| 040 ## - ΠΗΓΗ ΚΑΤΑΛΟΓΟΓΡΑΦΗΣΗΣ | |
| Φορέας πρωτότυπης καταλογογράφησης | MC Athens Campus Library |
| Γλώσσα καταλογογράφησης | Ελληνικά, Μοντέρνα (1453-) |
| Modifying agency | MC Athens Campus Library |
| Κανόνες περιγραφικής καταλογογράφησης | AACR2 |
| 245 1# - ΤΙΤΛΟΣ ΚΑΙ ΔΗΛΩΣΗ ΥΠΕΥΘΥΝΟΤΗΤΑΣ | |
| Τίτλος | Βασική Ανατομική / Με Κλινικό Προσανατολισμό: Δ' 'Εκδοση |
| 250 ## - EDITION STATEMENT | |
| Edition statement | 4η |
| 260 ## - PUBLICATION, DISTRIBUTION, ETC. | |
| Name of publisher, distributor, etc. | Βήτα, |
| Date of publication, distribution, etc. | 2008 |
| 300 ## - PHYSICAL DESCRIPTION | |
| Extent | 288 |
| 520 ## - SUMMARY, ETC. | |
| Summary, etc. | Το παρόν βιβλίο περιέχει βασικές γνώσεις Περιγραφική Ανατομικής, Ιστολογίας και Εμβρυολογίας. Πρόλογος, Εισαγωγή, Γενική Κατασκευή του Σώματος, Κύτταρα του Σώματος, Πυρήνας, Πρωτόπλασμα ή Κυτταρόπλασμα, Κυτταρική Μεμβράνη, Θρέψη των Κυττάρων, Φυσιολογικές Ιδιότητες του Πρωτοπλάσματος, Μίτωση, Εξειδίκευση των Κυττάρων - Ιστοί του Σώματος, Αναπαραγωγή των Κυττάρων, Θερμοκρασία του Σώματος, Καρκίνος, Οι Ιστοί του Σώματος, Επιθηλιακός Ιστός, Ερειστικός Ιστός, Μηχανισμοί Άμυνας, Νευρικός Ιστός, Μυϊκός Ιστός, Τα Όργανα του Σώματος, Όργανα του Επιθηλιακού Ιστού, Όργανα του Ερειστικού Ιστού, Όργανα του Μυϊκού Ιστού, Όργανα του Νευρικού Ιστού, Δέρμα, Συστήματα Οργάνων, Ερειστικό Σύστημα, Μυϊκό Σύστημα, Αναπνευστικό Σύστημα, Κυκλοφορικό Σύστημα, Νευρικό Σύστημα, Σύστημα Αισθητήριων Οργάνων, Πεπτικό Σύστημα, Οτυροποιητικό Σύστημα, Γεννητικό Σύστημα, Σύστημα Ενδόκρινων Αδένων, Επιφανειακή Ανατομία, Κεφαλή, Λαιμός, Ράχη, Θώρακας, Κοιλιά, Περίνεο, Άνω Άκρα, Κάτω Άκρα Λεξιλόγιο, Ασκήσεις Επανάληψης, Βιβλιογραφία. |
| 700 1# - ΠΡΟΣΘΕΤΗ ΑΝΑΓΡΑΦΗ--ΦΥΣΙΚΟ ΠΡΟΣΩΠΟ | |
| Personal name | Τσακρακλίδης Βασίλης |
| 942 ## - ADDED ENTRY ELEMENTS (KOHA) | |
| Koha item type | Books |
| Τύπος τεκμηρίου | Βιβλιοθήκη | Τρέχουσα τοποθεσία | Barcode | Αριθμός εισαγωγής | Ημερομηνία απόκτησης | Ταξιθετικό σύμβολο | Αριθμός αντιτύπου | Κατάσταση απόσυρσης | Κατάσταση χαμένου | Κατάσταση κατεστραμμένου | Μη δανεισμός | Σύνολο δανεισμών | Ημερομηνία τελευταίας εμφάνισης | Η τιμή ισχύει από |
|---|---|---|---|---|---|---|---|---|---|---|---|---|---|---|
| Books | MC Athens Campus Library | MC Athens Campus Library | 9780000059024 | 6377 | 05/06/2025 | 611 TSA | 2 | 05/06/2025 | 05/06/2025 |